| 000 | nam a22 7a 4500 | ||
|---|---|---|---|
| 999 |
_c7144 _d7144 |
||
| 003 | OSt | ||
| 005 | 20180626175147.0 | ||
| 008 | 180626|2018 sp |||||||||||||| ||spa|d | ||
| 017 |
_aDL M 4720-2018 _bMadrid |
||
| 020 | _a9788494808609 | ||
| 040 | _cCDMR | ||
| 100 | 1 |
_aBly, Nellie, _d1864-1922, _eautor |
|
| 245 | 1 | 3 |
_aLa vuelta al mundo en 72 días y otros escritos _c/ Nellie Bly ; introducción y notas de Jean Marie Lutes ; prólogo de Maureen Corrigan ; traducción de Silvia Moreno Parrado |
| 260 |
_aMadrid : _bCapitán Swing, _c2018 |
||
| 300 |
_a431 p. _c22 cm |
||
| 600 | 1 | 7 |
_aBly, Nellie, _d1864-1922 _xViatges _2lemac |
| 650 | 7 |
_aDones periodistes _zEstats Units d'Amèrica _xBiografia _2lemac |
|
| 942 | _cMON | ||